Prevaricacin̤ judicial Injusticia, dolo e imprudencia /

Bibliographic Details
Main Author: Toscano Tinoco, Juan Još
Format: eBook
Language:Spanish
Published: Madrid: Dykinson, 2022
Subjects:
Online Access:Acceso restringido

MARC

LEADER 00000nam a22000007a 4500
005 20220706212514.0
007 cr|||| ||||
008 220706s2022 es |||||s|||| 00||0 spa d
020 |a 978-84-1122-065-1 
035 |a 36447 
040 |a vLex 
090 |c 13523  |d 13523 
100 1 |a Toscano Tinoco, Juan Još 
245 1 0 |a Prevaricacin̤ judicial  |h [Recurso electrn̤ico] :  |b Injusticia, dolo e imprudencia /  |c Juan Jos ̌Toscano Tinoco 
256 |a Servicio en ln̕ea 
260 |a Madrid:  |b Dykinson,  |c 2022 
300 |a 1 recurso electrn̤ico 
500 |a El Poder Judicial es uno de los instrumentos esenciales de los que se sirve el Estado de Derecho para garantizar los derechos, libertades e igualdad de los ciudadanos. El ejercicio de esta funcin̤ corresponde a jueces y magistrados que, por mandato constitucional, han de ser independientes, inamovibles, responsables y estar sometidos al imperio de la ley. No pueden entenderse estos caracteres que definen la funcin̤ judicial como una mera fr̤mula retr̤ica sino como los elementos que, insoslayablemente, han de presidir el ejercicio profesional de quienes ejercen el poder judicial, de forma que, no obstante contar con una legitimacin̤ de origen derivada de su nombramiento, han de mantener la legitimidad de ejercicio mediante el adecuado desempeǫ de la funcin̤ encomendada, encomienda derivada, en sentido radical, de la propia ciudadana̕, de la que emana, en cuanto titular l︢timo de esa parcela de libertad que se cede en aras de una adecuada convivencia. Es precisamente la naturaleza de la funcin̤ desarrollada y las exigencias inherentes a su desempeǫ lo que determina el contexto de estudio de los delitos de prevaricacin̤ judicial consistentes en el dictado de una sentencia o resolucin̤ injusta, que constituyen el objeto de esta obra. Atendiendo a este marco de referencia, se trata en primer lugar el concepto de injusticia, elemento nuclear de los delitos contemplados en los artc̕ulos 446 y 447 CP, con una delimitacin̤ de la tipicidad objetiva que atiende a tales exigencias y pone especial ňfasis en los deberes que incumben los jueces y magistrados en el desempeǫ de su funcin̤. Partiendo de ello se trata a continuacin̤ el tipo subjetivo del injusto intentado no derivar al mismo cuestiones que debieron quedar resueltas en el m̀bito de la tipicidad objetiva. Y finalmente se aborda el estudio del delito imprudente de prevaricacin̤ judicial, entendido como tipo objetivo distinto al doloso y para el que se efecta︢ una definicin̤ de la conducta imprudente atendiendo a la existencia de distintos contextos de riesgo de los que habr ̀de decantar aquellos que justifican la intervencin̤ del Derecho penal. Se incluye, para concluir, una seleccin̤ de casos en que se enjuiciaron los delitos objeto de estudio, exponiňdose lo hechos sobre los que versaban, la fundamentacin̤ conforme a la que se resolvieron y desarrollǹdose un comentario de los mismos en que se aplican las tesis propuestas en la obra 
506 1 |a Disponible solo en los productos indicados  |d vLex Global  |d vLex Global (Academic Edition, excluding Law Schools)  |d vLex Global (U.S. Academic Edition, Law Schools)  |d vLex Global (U.S. Academic Edition, excluding Law Schools)  |d vLex Global (Academic Edition, Law Schools) 
650 0 4 |a Derecho Procesal  |z Espaą 
740 0 |a vLex Libros (Servicio en ln̕ea) 
856 4 0 |u https://app.vlex.com/#/sources/36447  |z Acceso restringido 
942 |c BOOK 
999 0 |a Procedural law